|
|
|
|
| LEADER |
00000nam a2200000 a 4500 |
| 001 |
UCH5692 |
| 003 |
CL-VaPUC |
| 008 |
091015e20040000CK |||||||||||||||||spa|d |
| 020 |
|
|
|a 9875451800
|
| 082 |
0 |
4 |
|a Ar864
|b CAS
|2 21
|
| 100 |
0 |
|
|a Casullo, Nicolás
|e author
|9 542019
|
| 245 |
1 |
0 |
|a Pensar entre épocas: memoria, sujetos y crítica intelectual
|
| 250 |
|
|
|a 1a. ed
|
| 300 |
|
|
|a 295 p
|
| 942 |
|
|
|c BK
|
| 945 |
|
|
|d 20091015 00:00:00
|a rbrito
|
| 260 |
|
|
|a Bogotá
|b Norma
|c 2004
|
| 650 |
|
0 |
|a Ensayos argentinos
|9 269128
|
| 583 |
|
|
|a last modification
|c 20091015 00:00:00
|k Rodrigo Vera
|
| 490 |
0 |
|
|a Vitral
|
| 999 |
|
|
|c 336794
|d 336792
|
| 952 |
|
|
|0 0
|1 0
|4 0
|6 AR_864_000000000000000_CAS_2004
|7 0
|8 A
|9 428723
|a BIBHIS
|b BIBHIS
|d 2019-11-22
|i 4606884
|o Ar864 CAS 2004
|p 4606884
|r 2025-01-20
|w 2019-11-22
|y BK
|k HIS
|